Corporate Cuts Quiz Stats

 Plays Quiz Updated Feb 1, 2018

Challenge
Share
Tweet
Embed
Score 0/24 Timer 05:00
1 Play Today
Cut Name Full Name % Correct
__kin' __utsDunkin' Donuts
98.3%
__ley-__dsonHarley-Davidson
88.3%
__izon __lessVerizon Wireless
78.8%
__oria's __retVictoria's Secret
78.7%
__al-__rtWalmart
77.4%
__eral __orsGeneral Motors
75.7%
__lett-__kardHewlett-Packard
75.4%
__lls __rgoWells Fargo
73%
__xas __umentsTexas Instruments
67.4%
__by __sdayRuby Tuesday
65.8%
__o __ddyGo Daddy
64.3%
__gan __nleyMorgan Stanley
63.9%
Cut Name Full Name % Correct
__ive __denOlive Garden
60.7%
__iams-__omaWilliams-Sonoma
57.9%
__nn-__xieWinn-Dixie
56.8%
__man __cusNeiman Marcus
46.2%
__die __uerEddie Bauer
44.3%
__heed __tinLockheed Martin
41.1%
__rts __oritySports Authority
40.3%
__shire __awayBerkshire Hathaway
36.6%
__ice __potOffice Depot
30.4%
__ole __odsWhole Foods
28.4%
__ily __larFamily Dollar
26.4%
__ger __ngBurger King
9.2%

You're not logged in!

Compare scores with friends on all Sporcle quizzes.
Join for Free
OR
Log In

You Might Also Like...

Show Comments

Extras

Top Quizzes Today


Score Distribution

Your Account Isn't Verified!

In order to create a playlist on Sporcle, you need to verify the email address you used during registration. Go to your Sporcle Settings to finish the process.

Report this User

Report this user for behavior that violates our Community Guidelines.

Details: